Loading...
| Literature - British | 0 | 5 | 0 | 0 | 50 | 94 | 117.60 | 0 | 0 | 8.32 | 20.23 |
| Literature - American | 0 | 5 | 0 | 1 | 50 | 110 | 131.60 | 0 | 0 | 3.79 | 14.17 |
| Literature - World | 0 | 5 | 0 | 0 | 50 | 39 | 94.80 | 1 | 1 | 13.88 | 25.45 |
| Literature - European | 0 | 5 | 1 | 0 | 45 | 89 | 120.00 | 0 | 0 | 6.96 | 19.55 |
| Social Science | 0 | 3 | 0 | 1 | 30 | 64 | 98.00 | 0 | 1 | 4.55 | 12.20 |
| Fine Arts - Painting and Sculpture | 0 | 3 | 0 | 0 | 30 | 98 | 108.33 | 0 | 0 | 4.59 | 11.14 |
| History - American | 0 | 3 | 0 | 1 | 30 | 113 | 119.33 | 0 | 0 | 0.57 | 4.17 |
| Philosophy | 0 | 2 | 1 | 0 | 15 | 82 | 103.50 | 1 | 1 | 2.87 | 7.50 |
| Fine Arts - Classical Music | 0 | 2 | 1 | 0 | 15 | 108 | 112.50 | 0 | 0 | 2.14 | 10.00 |
| Mythology | 0 | 2 | 1 | 1 | 15 | 125 | 132.00 | 0 | 0 | 0.00 | 1.67 |
| History - World | 0 | 1 | 0 | 0 | 10 | 142 | 142.00 | 0 | 0 | 0.00 | 0.83 |
| History - Other | 0 | 1 | 0 | 0 | 10 | 83 | 83.00 | 0 | 0 | 3.85 | 5.83 |
| Fine Arts - Other | 0 | 1 | 0 | 0 | 10 | 129 | 129.00 | 0 | 0 | 0.00 | 0.83 |
| Popular Culture | 0 | 1 | 0 | 0 | 10 | 138 | 138.00 | 0 | 0 | 0.00 | 16.67 |
| Science - Chemistry | 0 | 1 | 0 | 0 | 10 | 108 | 108.00 | 0 | 0 | -0.09 | 0.83 |
| Current Events | 0 | 1 | 0 | 0 | 10 | 119 | 119.00 | 0 | 0 | 0.42 | 16.67 |
| Religion | 0 | 1 | 1 | 0 | 5 | 133 | 133.00 | 0 | 0 | 0.07 | 5.00 |
| Other Academic | 0 | 0 | 1 | 0 | -5 | 0.00 | 0 | 0 | 0.00 | 0.00 | |
| Geography | 0 | 0 | 1 | 0 | -5 | 0.00 | 0 | 0 | 0.00 | 0.00 | |
| Science - Biology | 0 | 0 | 2 | 0 | -10 | 0.00 | 0 | 0 | 0.00 | 0.00 |